Instituciones ecofeministas: ensayo para repensar el conocimiento y la religión
Salvato in:
| Autore principale: | |
|---|---|
| Natura: | Libro |
| Lingua: | spagnolo |
| Pubblicazione: |
Madrid
Trotta
2000
|
| Edizione: | 1a. ed |
| Serie: | Colección Estructuras y Procesos. Serie Religión
|
| Soggetti: | |
| Tags: |
Aggiungi Tag
Nessun Tag, puoi essere il primo ad aggiungerne!!
|
MARC
| LEADER | 00000cam a2200000 a 4500 | ||
|---|---|---|---|
| 001 | UCD0015 | ||
| 003 | CL-VaPUC | ||
| 008 | 151112e20000000sp |||||||||||||||||spa|d | ||
| 020 | |a 8481644145 | ||
| 082 | 0 | 4 | |a 305.42 |b GEB |2 21 |
| 100 | 0 | |a Gebara, Ivone |e author |9 583005 | |
| 245 | 1 | 0 | |a Instituciones ecofeministas: ensayo para repensar el conocimiento y la religión |
| 250 | |a 1a. ed | ||
| 300 | |a 156 p | ||
| 942 | |c BK | ||
| 945 | |d 20151112 20:22:00 |a arojas | ||
| 260 | |a Madrid |b Trotta |c 2000 | ||
| 650 | 0 | |a Feminismo |9 259085 | |
| 650 | 0 | |a Movimiento feminista |9 430458 | |
| 650 | 0 | |a Religión |9 255164 | |
| 583 | |a last modification |c 20151112 20:22:00 |k Rodrigo Vera | ||
| 490 | 0 | |a Colección Estructuras y Procesos. Serie Religión | |
| 999 | |c 361639 |d 361637 | ||
| 952 | |0 0 |1 0 |3 erb |4 0 |6 305_420000000000000_GEB_2000 |7 0 |8 A |9 472244 |a BIBEDU |b BIBEDU |i 524949K |o 305.42 GEB 2000 |p 524949K |r 2019-11-24 |w 2019-11-24 |y BK |z Catalogado en:20151112 |k FIL | ||